In Vitro Interactions of Pseudomonas aeruginosa with Scedosporium Species Frequently Associated with Cystic Fibrosis

Elmentve itt :
Bibliográfiai részletek
Szerzők: Homa Mónika
Sándor Alexandra
Tóth Eszter Judit
Szebenyi Csilla
Nagy Gábor
Vágvölgyi Csaba
Papp Tamás
Dokumentumtípus: Cikk
Megjelent: 2019
Sorozat:FRONTIERS IN MICROBIOLOGY 10
doi:10.3389/fmicb.2019.00441

mtmt:30446881
Online Access:http://publicatio.bibl.u-szeged.hu/14809
LEADER 00917nab a2200265 i 4500
001 publ14809
005 20250404090703.0
008 190306s2019 hu o 000 eng d
022 |a 1664-302X 
024 7 |a 10.3389/fmicb.2019.00441  |2 doi 
024 7 |a 30446881  |2 mtmt 
040 |a SZTE Publicatio Repozitórium  |b hun 
041 |a eng 
100 1 |a Homa Mónika 
245 1 3 |a In Vitro Interactions of Pseudomonas aeruginosa with Scedosporium Species Frequently Associated with Cystic Fibrosis  |h [elektronikus dokumentum] /  |c  Homa Mónika 
260 |c 2019 
300 |a 15 
490 0 |a FRONTIERS IN MICROBIOLOGY  |v 10 
700 0 1 |a Sándor Alexandra  |e aut 
700 0 1 |a Tóth Eszter Judit  |e aut 
700 0 1 |a Szebenyi Csilla  |e aut 
700 0 1 |a Nagy Gábor  |e aut 
700 0 1 |a Vágvölgyi Csaba  |e aut 
700 0 1 |a Papp Tamás  |e aut 
856 4 0 |u http://publicatio.bibl.u-szeged.hu/14809/1/fmicb-10-00441.pdf  |z Dokumentum-elérés